Datum a čas kvízu
31
Celkem bodů
Celkový počet nahraných bodů na tomto kvízu bez doplňovacích otázek.
1.
Pořadí na kvízu
Konečné umístění týmu na tomto kvízu.
Zaznamenané odpovědi
| # | Otázka | Odpověď | Body | Výsledky |
|---|---|---|---|---|
| 1. | 15. ledna byl slavnostně otevř... | 1 | ||
| 2. | Prostořeký prezident USA Donal... | 1 | ||
| 3. | Ve středu 17. ledna byly oznám... | 0 | ||
| 4. | Modelová řada automobilky Škod... | 0 | ||
| 5. | Ve 37 letech ukončil kariéru f... | 0 | ||
| 6. | Abychom se mohli ohřát u ohně,... | 0 | ||
| 7. | Pták Ohnivák je slavný pohádko... | 0 | ||
| 8. | Olympijský oheň je jedním ze z... | 0 | ||
| 5. | Ohněm a mečem je román polskéh... | 1 | ||
| 5. | Ohníček byl časopis pro děti a... | 1 |